Ken Jeong Filmography - Statistics

General Stats
  • This quiz has been taken 42 times
    13 since last reset
  • The average score is 24 of 184
Answer Stats
Type Year Name % Correct
Film 2009 The Hangover
67%
Film 2011 The Hangover Part II
67%
TV Show 2003 Cedric the Entertainer Presents
50%
TV Show 2009-2015 Community
50%
Film 2026 Community: The Movie
50%
TV Show 2002 Girls Behaving Badly
50%
TV Show 1997 The Big Easy
50%
TV Show 2001 The Downer Channel
50%
Film 2013 The Hangover Part III
50%
Film 2018 Crazy Rich Asians
33%
TV Show 2015-2017 Dr. Ken
33%
TV Show 2003, 2004, 2005 MADtv
33%
Film 2008 Pineapple Express
33%
TV Show 2019-Present The Masked Singer
33%
TV Show 2020-2021 The Masked Singer (UK)
33%
TV Show 2005 The Office
33%
TV Show 2019 The Simpsons
33%
TV Special 2017 A Christmas Story Live!
17%
Film 2015 Advantageous
17%
TV Show 2023 AEW Dynamite
17%
Film 2023 A Great Divide
17%
Film 2009 All About Steve
17%
TV Show 2009, 2011 American Dad!
17%
TV Show 2018 America's Got Talent
17%
Film 2019 Avengers: Endgame
17%
Film 2011 Big Mommas: Like Father, Like Son
17%
Film 2010 Birds of Paradise
17%
TV Film 1998 Black Jaq
17%
TV Show 2012-2022 Bob's Burgers
17%
Web Series 2014, 2018 BoJack Horseman
17%
Film 2021 Boss Level
17%
TV Show 2007 Boston Legal
17%
TV Show 2012 Burning Love
17%
Film 2009 Couples Retreat
17%
TV Show 2004 Crossing Jordan
17%
TV Show 2007 Curb Your Enthusiasm
17%
Film 2010 Despicable Me
17%
Film 2013 Despicable Me 2
17%
TV Show 2018 Drop the Mic
17%
Film 2019 Elsewhere
17%
TV Show 2006 Entourage
17%
Film 2021 Extinct
17%
Film 2023 Fool's Paradise
17%
TV Special 2020 FOX's New Year's Eve Toast & Roast 2021
17%
TV Show 2016, 2019 Fresh Off the Boat
17%
Film 2010 Furry Vengeance
17%
TV Show 2020 Game On!
17%
TV Show 2015 Glee
17%
Film 2018 Goosebumps 2: Haunted Halloween
17%
TV Show 2004 Grounded for Life
17%
TV Show 2014 Hot in Cleveland
17%
Film 2010 How to Make Love to a Woman
17%
TV Show 2020-2024 I Can See Your Voice
17%
TV Show 2016, 2018 Justice League Action
17%
TV Special 2013 Kelly Clarkson's Cautionary Christmas Music Tale
17%
Film 2017 Killing Hasselhoff
17%
Film 2007 Knocked Up
17%
Film 2025 KPop Demon Hunters
17%
Film 2015 Ktown Cowboys
17%
TV Show 2013 Kung Fu Panda: Legends of Awesomeness
17%
Film 2019 Lady and the Tramp
17%
TV Show 2018, 2019 Magnum P.I.
17%
TV Show 2013 Maron
17%
TV Show 2012 Mary Shelley's Frankenhole
17%
TV Show 2009 Men of a Certain Age
17%
TV Show 2005 Mind of Mencia
17%
Web Series 2022 Murderville
17%
Film 2021 My Little Pony: A New Generation
17%
Film 2020 My Spy
17%
Film 2024 My Spy: The Eternal City
17%
Film 2016 Norm of the North
17%
Film 2020 Occupation: Rainfall
17%
TV Film 2022 Out of Office
17%
Film 2020 Over the Moon
17%
Film 2013 Pain & Gain
17%
TV Show 2009 Party Down
17%
Film 2014 Penguins of Madagascar
17%
TV Show 2016 P. King Duckling
17%
TV Show 2010 Players
17%
Film 2013 Rapture-Palooza
17%
Film 2016 Ride Along 2
17%
TV Show 2015 Robot Chicken
17%
Film 2008 Role Models
17%
Film 2019 Saving Zoë
17%
Film 2020 Scoob!
17%
TV Show 2004 Significant Others
17%
TV Show 2021 Staged
17%
Film 2008 Step Brothers
17%
TV Show 2013, 2014 Sullivan & Son
17%
Film 2024 The 4:30 Movie
17%
TV Show 2019-2022 The Casagrandes
17%
Film 2015 The DUFF
17%
TV Show 2019 The Ellen DeGeneres Show
17%
Film 2009 The Goods: Live Hard, Sell Hard
17%
TV Show 2019 The Kids Are Alright
17%
TV Show 2019 The Loud House
17%
TV Show 2020-2021 The Masked Dancer
17%
Film 2011 The Muppets
17%
Film 2018 Then Came You
17%
Film 2020 The Opening Act
17%
Web Mini-Series 2022 The Pentaverate
17%
TV Show 2007 The Shield
17%
TV Show 2006 Three Strikes
17%
TV Show 2008 'Til Death
17%
Film 2021 Tom & Jerry: The Movie
17%
Film 2011 Transformers: Dark of the Moon
17%
Film 2013 Turbo
17%
TV Show 2005 Two and a Half Men
17%
Film 2007 Uncle P
17%
Film 2010 Vampires Suck
17%
TV Show 2019 What Just Happened??! with Fred Savage
17%
TV Show 2016 Wheel of Fortune
17%
Film 2019 Wonder Park
17%
TV Show 2008 Worst Week
17%
TV Show 2009 WWE Raw
17%
TV Show 2020 WWE Smackdown!
17%
Film 2011 Zookeeper
17%
TV Show 2005 1st Amendment Stand Up
0%
TV Special 2020 320 Conversations
0%
TV Show 2025 99 to Beat
0%
TV Show 2024 Accused
0%
Web Series 2024-Present Adventures in Wonder Park
0%
TV Show 2023 AEW: Full Gear
0%
TV Special 2025 AEW: Revolution
0%
TV Show 2024, 2025 Animal Control
0%
TV Show 2004 Asia Street Comedy
0%
TV Show 2023 Awkwafina Is Nora from Queens
0%
TV Show TBA Behind the Comedy
0%
TV Show 2016 Big Boy's Big Brawl
0%
TV Show 2020-2021 Bless the Harts
0%
Music Video 2016 Boombox
0%
TV Show 2017, 2020 Carpool Karaoke
0%
Commercial 2012 Coca-Cola
0%
TV Show 2006 Comedy Zen
0%
TV Show 2002 Comic Groove
0%
TV Short 2012 Community: Abed's Master Key
0%
TV Short 2013 Community: Miracle on Jeff's Street
0%
Short Film 2020 Community Table Read
0%
Web Mini-Series 2010 Community: The Spanish Video
0%
Web Series 2007 Conrad Besselheimer: The Internet Life Coach
0%
Commercial 2015 Cookie Jam
0%
TV Special 2023 Dick Van Dyke - 98 Years of Magic
0%
Music Video 2017 Drink Up
0%
TV Show 2014 Good Morning Today
0%
TV Film 2008 Held Up
0%
Music Video 2011 I Like How It Feels
0%
TV Show 2017 Jeff Ross Presents Roast Battle
0%
TV Show 2005 Jimmy Kimmel Live!
0%
TV Special 2019 Ken Jeong: Best Medicine
0%
TV Special 2018 Ken Jeong Cracks Christmas
0%
TV Special 2015 Ken Jeong Made Me Do It
0%
Stand-Up Special 2019 Ken Jeong: You Complete Me, Ho
0%
TV Show 2019 King of Masked Singer
0%
TV Show 2025 Krapopolis
0%
Music Video 2016 La La
0%
TV Show 2021 LEGO Masters
0%
TV Show 2003 Live in Hollywood
0%
TV Show 2011 Love Bites
0%
Commercial 2019 McDonald's
0%
Video Game 2024 My Little Pony: A Zephyr Heights Mystery
0%
Web Series 2010 M.Y.R.K.L.
0%
TV Film 2009 Off Duty
0%
Commercial 2022 Planters
0%
Commercial 2024 Popeyes
0%
Web Special 2021 See Us Unite for Change
0%
Web Series 2016 Serious Music
0%
TV Show 2011 Sesame Street
0%
TV Film 2013 Spy
0%
TV Special 2021, 2023 Stand Up to Cancer
0%
Commercial 2019 State Farm
0%
Short Film 2024 Supercell's Squad Busters: Squad Up!
0%
Award Show 2011 The 2011 Billboard Music Awards
0%
Web Series 2023 The Afterparty
0%
Web Series 2020 The Darkest Timeline with Ken Jeong & Joel McHale
0%
TV Show TBA The Emperor in Malibu
0%
TV Show TBA The Ken Jeong Show
0%
Film 2025 The Man with the Bag
0%
Film TBA Tiger Mom
0%
Web Series 2013, 2014 Tubo FAST
0%
Web Series 2008 UCB Comedy Originals
0%
TV Special TBA Unqualified
0%
Music Video 2018 Waste It on Me
0%
Music Video 2007 What's It Gonna Be?
0%
Commercial 2021-Present Xiidra
0%
No matching quizzes found
Score Distribution
Percent of People with Each Score
Percentile by Number Answered
Your Score History
You have not taken this quiz since the last reset